Statistics for Countries with Mongolian embassies

Click here to take the quiz!

General Stats

  • This quiz has been taken 238 times
  • The average score is 28 of 35

Answer Stats

ContinentCountry% Correct
AsiaChina
97%
Asia/ EuropeRussia
96%
OceaniaAustralia
95%
EuropeUnited Kingdom
95%
EuropeFrance
94%
AsiaJapan
94%
AsiaSouth Korea
94%
North AmericaCanada
93%
EuropeGermany
93%
North AmericaUnited States of America
92%
AsiaIndia
90%
EuropeItaly
90%
Asia/ EuropeTurkey
90%
South AmericaBrazil
89%
EuropeBelgium
83%
AsiaThailand
82%
AsiaIndonesia
81%
AsiaVietnam
81%
EuropeAustria
80%
AsiaNorth Korea
80%
AsiaKazakhstan
79%
AfricaEgypt
78%
EuropePoland
77%
North AmericaCuba
75%
EuropeUkraine
75%
EuropeSweden
74%
EuropeSwitzerland
74%
AsiaLaos
71%
EuropeHungary
70%
EuropeBelarus
68%
EuropeBulgaria
67%
EuropeCzech Republic
67%
AsiaSingapore
66%
AsiaKyrgyzstan
63%
AsiaKuwait
39%

Score Distribution

Percentile by Number Answered

Percent of People with Each Score

Your Score History

You have not taken this quiz